| Tag |
First Indicator |
Second Indicator |
Subfields |
| LEADER |
00000cam a2200000 a 4500 |
| 001 |
in00002550708 |
| 005 |
20151201152747.0 |
| 008 |
100226s2010 nyua b 001 0 eng |
| 010 |
|
|
|a 2010008652
|
| 020 |
|
|
|a 9781604977035 (alk. paper)
|
| 020 |
|
|
|a 1604977035 (alk. paper)
|
| 035 |
|
|
|a (OCoLC)ocn537652638
|
| 040 |
|
|
|a DLC
|c DLC
|d UtOrBLW
|
| 043 |
|
|
|a n-us---
|
| 049 |
|
|
|a TXAM
|
| 050 |
0 |
0 |
|a JK1227
|b .H38 2010
|
| 082 |
0 |
0 |
|a 328.73/0762
|2 22
|
| 100 |
1 |
|
|a Hatcher, Andrea C.
|
| 245 |
1 |
0 |
|a Majority leadership in the U.S. Senate :
|b balancing constraints /
|c Andrea C. Hatcher.
|
| 264 |
|
1 |
|a Amherst, N.Y. :
|b Cambria Press,
|c [2010]
|
| 264 |
|
4 |
|c ©2010
|
| 300 |
|
|
|a xii, 214 pages :
|b illustrations ;
|c 24 cm.
|
| 336 |
|
|
|a text
|b txt
|2 rdacontent
|
| 337 |
|
|
|a unmediated
|b n
|2 rdamedia
|
| 338 |
|
|
|a volume
|b nc
|2 rdacarrier
|
| 490 |
1 |
|
|a Politics, institutions, and public policy in America series
|
| 504 |
|
|
|a Includes bibliographical references and index.
|
| 610 |
1 |
0 |
|a United States.
|b Congress.
|b Senate
|x Majority leaders.
|
| 610 |
1 |
0 |
|a United States.
|b Congress.
|b Senate
|x Leadership.
|
| 830 |
|
0 |
|a Politics, institutions, and public policy in America series.
|
| 945 |
|
|
|a PromptCat
|
| 946 |
|
|
|a stk
|
| 947 |
|
|
|a A14840188463
|
| 948 |
|
|
|a cataloged
|b h
|c 2010/7/20
|d c
|e dmitchel
|f 8:00:00 am
|
| 994 |
|
|
|a 92
|b TXA
|
| 999 |
|
|
|a MARS
|
| 999 |
f |
f |
|s 4d54b6b1-5b89-3902-8d85-b36dfec2bdd5
|i f3d4326d-9207-3b3c-90c4-a6df533c45d7
|t 0
|
| 952 |
f |
f |
|p ric
|a Texas A&M University
|b Rellis Campus
|c Joint Library Facility
|d Remote Storage
|t 0
|e JK1227 .H38 2010
|h Library of Congress classification
|i unmediated -- volume
|m A14840188463
|
| 998 |
f |
f |
|a JK1227 .H38 2010
|t 0
|l Remote Storage
|